<The> American Presidency

Salvato in:
Dettagli Bibliografici
Autore principale: Pious, Richard M.
Natura: Libro
Lingua:inglese
Pubblicazione: New York Basic Books 1979
Edizione:1. ed.
Soggetti:
Tags: Aggiungi Tag
Nessun Tag, puoi essere il primo ad aggiungerne!!

MARC

LEADER 00000nam a2200000 4500
001 c018973
005 20221207073301.1
020 |a 0-465-00184-X 
041 0 |a eng 
044 |a US 
245 1 0 |a <The> American Presidency  |c Richard M. Pious 
250 |a 1. ed. 
264 1 |a New York  |b Basic Books  |c 1979 
300 |a 491 s. 
610 2 0 |a prezidenti 
610 2 0 |a úrady 
610 2 0 |a moc výkonná 
610 2 0 |a právo 
610 2 0 |a právomoc 
610 2 0 |a kontrola 
610 2 0 |a splnomocnenie 
610 2 0 |a ústava 
610 2 0 |a voľby 
610 2 0 |a vedenie 
610 2 0 |a riadenie administratívne 
610 2 0 |a rozpočet štátny 
610 2 0 |a politika hospodárska 
610 2 0 |a rozhodovanie 
610 2 0 |a politika medzinárodná 
610 2 0 |a vzťahy politické medzinárodné 
610 2 0 |a USA 
100 1 |a Pious, Richard M.